Illustrated Thesaurus. (Record no. 102528)
[ view plain ]
| 000 -LEADER | |
|---|---|
| fixed length control field | 00334nam a2200133 a 4500 |
| 005 - DATE AND TIME OF LATEST TRANSACTION | |
| control field | 20140412111237.0 |
| 008 - FIXED-LENGTH DATA ELEMENTS--GENERAL INFORMATION | |
| fixed length control field | 100122s19uu xx 00 eng d |
| 020 ## - INTERNATIONAL STANDARD BOOK NUMBER | |
| International Standard Book Number | 1-84322-077-6 |
| 050 ## - LIBRARY OF CONGRESS CALL NUMBER | |
| Classification number | REF 423.1 |
| Item number | Il6 2001 |
| 245 ## - TITLE STATEMENT | |
| Title | Illustrated Thesaurus. |
| 260 ## - PUBLICATION, DISTRIBUTION, ETC. (IMPRINT) | |
| Place of publication, distribution, etc | Italy : |
| Name of publisher, distributor, etc | Island books, |
| Date of publication, distribution, etc | 2001. |
| 300 ## - PHYSICAL DESCRIPTION | |
| Extent | 255p. |
| Withdrawn status | Lost status | Damaged status | Home library | Current library | Shelving location | Date acquired | Source of acquisition | Total Checkouts | Full call number | Barcode | Date last seen | Price effective from | Koha item type |
|---|---|---|---|---|---|---|---|---|---|---|---|---|---|
| Elizalde Library | Elizalde Library | Reference Section | 01/22/2010 | REF 423.1 Il6 2001 | E1985 | 04/12/2014 | 04/12/2014 | Books |